| 000 | 01061nam a2200289 i 4500 | ||
|---|---|---|---|
| 003 | DO-SdBNP | ||
| 005 | 20240813092912.0 | ||
| 006 | a||||fr|||| 00| 0 | ||
| 007 | ta | ||
| 008 | 240813e1980 rd d||| |||| 00| 0 spa d | ||
| 040 |
_aDO-SdBNP _bspa _cBNPHU _erda |
||
| 082 | 4 |
_222 _bF945o |
|
| 100 | 1 |
_aFrundt, Henry J. _eautor _986320 |
|
| 245 | 1 | 0 |
_aObjeciones de accionistas cristianos contra la G+W República Dominicana / _cHenry J. Frundt |
| 264 | 1 |
_a[Santo Domingo] : _bPublicaciones Estudios Sociales, _c1980 |
|
| 300 |
_a157 páginas ; _c25 cm. |
||
| 336 |
_2rdacontent _atexto _btxt |
||
| 337 |
_2rdamedia _asin mediación _bn |
||
| 338 |
_2rdacarrier _avolumen _bnc |
||
| 504 | _aBibliografía: páginas 146-155. | ||
| 534 |
_aTítulo original: Gulf & Western. _cIn the Domincan Republic: An Evaluation. |
||
| 590 | _aInventariado 2024 / MF | ||
| 650 | 4 |
_aAcciones Posesorías _zRepública Dominicana _911843 |
|
| 650 | 4 |
_aCaña de azucar _xCultivo _zRepública Dominicana _977642 |
|
| 710 | 2 |
_aEstudios Sociales, _955966 _etraductor |
|
| 942 |
_2ddc _cLBS1 |
||
| 999 |
_c57418 _d57418 |
||